000 00339 a2200097 4500
020 _a9789370981430
100 _aK. Rajasekharan Nair
245 _aMahamathikalum mahavishnuvum mahapathangalum(മഹാമതികളും മഹാവിഷ്ണുവും മഹാപഥങ്ങളും)
260 _bD C books
_c2025
942 _cOO
999 _c115337
_d115336